Jesús y los marginados: utopía y esperanza cristiana

Na minha lista:
Detalhes bibliográficos
Autor principal: Fraijo, Manuel (Author)
Formato: Livro
Idioma:espanhol
Publicado em: Madrid Ediciones Cristiandad 1985
Edição:1a. ed
Colecção:Senda Abierta, 9
Assuntos:
Tags: Adicionar Tag
Sem tags, seja o primeiro a adicionar uma tag!

MARC

LEADER 00000cam a2200000 a 4500
001 UCE9054
003 CL-VaPUC
008 150928e19850000sp |||||||||||||||||spa|d
020 |a 8470573837 
082 0 4 |a 232  |b FRA  |2 21 
100 0 |a Fraijo, Manuel  |e author  |9 581761 
245 1 0 |a Jesús y los marginados: utopía y esperanza cristiana 
250 |a 1a. ed 
300 |a 312 p 
942 |c BK 
945 |d 20150928 14:02:00  |a dcastane 
260 |a Madrid  |b Ediciones Cristiandad  |c 1985 
650 0 |a Cristología   |9 315091 
650 0 |a Vida de Jesús  |9 478097 
583 |a last modification  |c 20150928 14:02:00  |k Rodrigo Vera 
490 0 |a Senda Abierta, 9 
999 |c 360781  |d 360779 
952 |0 0  |1 0  |3 erb  |4 0  |6 232_000000000000000_FRA_1985  |7 0  |8 A  |9 470737  |a BIBTEO  |b BIBTEO  |i 5200164  |l 2  |m 5  |o 232 FRA 1985  |p 5200164  |q 2024-07-31  |r 2021-12-02  |s 2021-12-02  |w 2019-11-23  |y BK  |z Catalogado en:20150928  |k ICR